Kangaroos / (Запис № 515316)

МАРК-запис
000 -LEADER
fixed length control field 03065cam a22008534a 4500
001 - CONTROL NUMBER
control field kangaroos00wood
003 - CONTROL NUMBER IDENTIFIER
control field CaSfIA
005 - DATE AND TIME OF LATEST TRANSACTION
control field 20210118161927.0
007 - PHYSICAL DESCRIPTION FIXED FIELD--GENERAL INFORMATION
fixed length control field cr||||
008 - FIXED-LENGTH DATA ELEMENTS--GENERAL INFORMATION
fixed length control field 960223s1997 nyuab j b 001 0 eng
010 ## - LIBRARY OF CONGRESS CONTROL NUMBER
LC control number 96007222
040 ## - CATALOGING SOURCE
Original cataloging agency DLC
Transcribing agency DLC
Modifying agency BAKER
-- XY4
-- BTCTA
-- YDXCP
-- OCLCG
-- SXC
-- CaSfIA
020 ## - INTERNATIONAL STANDARD BOOK NUMBER
International Standard Book Number 0761402950
020 ## - INTERNATIONAL STANDARD BOOK NUMBER
International Standard Book Number 9780761402954
035 ## - SYSTEM CONTROL NUMBER
System control number (OCoLC)34319369
042 ## - AUTHENTICATION CODE
Authentication code pcc
-- lcac
050 00 - LIBRARY OF CONGRESS CALL NUMBER
Classification number QL737.M35
Item number W66 1997
082 00 - DEWEY DECIMAL CLASSIFICATION NUMBER
Classification number 599.2
Edition number 20
029 1# - (OCLC)
OCLC library identifier NZ1
System control number 4545731
029 1# - (OCLC)
OCLC library identifier AU@
System control number 000012231294
029 1# - (OCLC)
OCLC library identifier UNITY
System control number 008148090
029 1# - (OCLC)
OCLC library identifier UKBNS
System control number J009702052
029 1# - (OCLC)
OCLC library identifier UNITY
System control number 114609152
029 1# - (OCLC)
OCLC library identifier UKSFD
System control number 0761402950
029 1# - (OCLC)
OCLC library identifier COVCL
System control number 0761402950
029 1# - (OCLC)
OCLC library identifier UKDMB
System control number 0761402950
029 1# - (OCLC)
OCLC library identifier UKHER
System control number 0761402950
029 1# - (OCLC)
OCLC library identifier UKSND
System control number 0761402950
029 1# - (OCLC)
OCLC library identifier UKWCC
System control number 0761402950
029 1# - (OCLC)
OCLC library identifier UKLBB
System control number 0761402950
029 1# - (OCLC)
OCLC library identifier UKBCC
System control number 0761402950
029 1# - (OCLC)
OCLC library identifier UKCEL
System control number 0761402950
029 1# - (OCLC)
OCLC library identifier UKLBE
System control number 0761402950
029 1# - (OCLC)
OCLC library identifier UKLBR
System control number 0761402950
029 1# - (OCLC)
OCLC library identifier UKRED
System control number 0761402950
029 1# - (OCLC)
OCLC library identifier UKKCC
System control number 0761402950
029 1# - (OCLC)
OCLC library identifier UKKUT
System control number 0761402950
029 1# - (OCLC)
OCLC library identifier LONBM
System control number 0761402950
029 1# - (OCLC)
OCLC library identifier UKESR
System control number 0761402950
029 1# - (OCLC)
OCLC library identifier UKBNT
System control number 0761402950
029 1# - (OCLC)
OCLC library identifier UKLHK
System control number 0761402950
029 1# - (OCLC)
OCLC library identifier UKLBL
System control number 0761402950
029 1# - (OCLC)
OCLC library identifier UNITY
System control number 084813679
029 1# - (OCLC)
OCLC library identifier UKBUR
System control number 0761402950
029 1# - (OCLC)
OCLC library identifier UKBNS
System control number 0761402950
029 1# - (OCLC)
OCLC library identifier SOUCL
System control number 0761402950
029 1# - (OCLC)
OCLC library identifier UKCST
System control number 0761402950
029 1# - (OCLC)
OCLC library identifier UKNFK
System control number 0761402950
029 1# - (OCLC)
OCLC library identifier UKHUL
System control number 0761402950
029 1# - (OCLC)
OCLC library identifier UKKLI
System control number 0761402950
029 1# - (OCLC)
OCLC library identifier UKTAL
System control number 0761402950
029 1# - (OCLC)
OCLC library identifier UKNLL
System control number 0761402950
029 1# - (OCLC)
OCLC library identifier DERBL
System control number 0761402950
029 1# - (OCLC)
OCLC library identifier UKPTR
System control number 0761402950
029 1# - (OCLC)
OCLC library identifier UKCAM
System control number 0761402950
029 1# - (OCLC)
OCLC library identifier CBK
System control number 0761402950
100 1# - MAIN ENTRY--PERSONAL NAME
Personal name Woodward, John,
Dates associated with a name 1954-
245 10 - TITLE STATEMENT
Title Kangaroos /
Medium [electronic resource]
Statement of responsibility, etc by John Woodward.
260 ## - PUBLICATION, DISTRIBUTION, ETC. (IMPRINT)
Place of publication, distribution, etc New York :
Name of publisher, distributor, etc Benchmark Books,
Date of publication, distribution, etc c1997.
300 ## - PHYSICAL DESCRIPTION
Extent 32 p. :
Other physical details col. ill., col. maps ;
Dimensions 24 cm.
440 #0 - SERIES STATEMENT/ADDED ENTRY--TITLE
Title Endangered!
504 ## - BIBLIOGRAPHY, ETC. NOTE
Bibliography, etc Includes bibliographical references (p. 30).
520 ## - SUMMARY, ETC.
Summary, etc Describes the physical characteristics, habitat, and behavior of kangaroos living, often against all odds, in Australia and New Guinea.
505 0# - FORMATTED CONTENTS NOTE
Formatted contents note Big kangaroos -- Nailtail & rock wallabies -- Hare wallabies -- Tree kangaroos - Rat kangaroos.
506 ## - RESTRICTIONS ON ACCESS NOTE
Standardized terminology for access restriction Необхідна авторизація на https://archive.org/ (створення облікового запису безкоштовно)
506 ## - RESTRICTIONS ON ACCESS NOTE
Standardized terminology for access restriction Необхідна авторизація на https://openlibrary.org/ (створення облікового запису безкоштовно)
650 #0 - SUBJECT ADDED ENTRY--TOPICAL TERM
Topical term or geographic name as entry element Kangaroos
Form subdivision Juvenile literature.
650 #0 - SUBJECT ADDED ENTRY--TOPICAL TERM
Topical term or geographic name as entry element Endangered species
Form subdivision Juvenile literature.
650 #1 - SUBJECT ADDED ENTRY--TOPICAL TERM
Topical term or geographic name as entry element Kangaroos.
650 #1 - SUBJECT ADDED ENTRY--TOPICAL TERM
Topical term or geographic name as entry element Endangered species.
856 41 - ELECTRONIC LOCATION AND ACCESS
Uniform Resource Identifier <a href="http://www.archive.org/details/kangaroos00wood">http://www.archive.org/details/kangaroos00wood</a>
Public note Free eBook from the Internet Archive
856 42 - ELECTRONIC LOCATION AND ACCESS
Uniform Resource Identifier <a href="http://www.openlibrary.org/books/OL23243830M">http://www.openlibrary.org/books/OL23243830M</a>
Public note Additional information and access via Open Library
942 ## - ADDED ENTRY ELEMENTS (KOHA)
Koha item type ЕКнига

Немає доступних примірників.